Страхова справа (Запис № 313551)

МАРК-запис
000 -Лідер
fixed length control field 00653nam a22002657a 4500
003 - Ідентифікатор контрольного номера
control field UA-OsUOA
001 - Контрольний номер
control field 27209
007 - Фіксоване поле фізичного опису
fixed length control field ta
008 - Елементи даних фіксованої довжини – загальна інформація
fixed length control field 20040618b un ||||| |||| 00| 0 ukr d
090 ## - Локальний шифр розміщення
Класифікаційний індекс УДК 368(075.8)
Авторський знак (НП) Г67
040 ## - Джерело каталогізації
Агенція оригінальної каталогізації UA-OsUOA
Мова каталогізації ukr
Агенція, яка здійснювала перезапис UA-OsUOA
Агенція, яка здійснювала модифікацію UA-OsUOA
041 ## - Код мови
Код мови тексту/ звукової доріжки чи окремого заголовка (П) ukr
080 ## - Індекс Універсальної десяткової класифікації
Індекс Універсальної десяткової класифікації (УДК) (НП) 368(075.8)
020 ## - Міжнародний стандартний книжковий номер (ISBN)
Міжнародний стандартний книжковий номер (ISBN) (НП) 966-8251-10-5
044 ## - Код країни видавця/ виробника
Код країни видавця/ виробника (П) UA
100 ## - Основне введення – ім’я особи
Ім’я особи (НП) Горбач Л.М.
245 ## - Відомості про назву
Назва (НП) Страхова справа
Решта назви (НП) Навчальний посібник
260 ## - Публікація, розповсюдження і т.п. (Вихідні дані)
Місце публікації, розповсюдження і т.п. (П) Київ
Ім’я/ наймення видавництва, розповсюджувача і т.п. (П) Кондор
Дата публікації, розповсюдження і т.п. (П) 2003
250 ## - Відомості про видання (редакцію)
-- 2-е вид., випр.
300 ## - Фізичний опис
Обсяг 252 с.
650 #7 - Додаткове предметне введення – тематичний термін
Джерело заголовка чи терміна UDC
942 ## - Додаткові елементи входу (Коха)
Тип елемента Koha Книги
955 ## - Код типу видання за змістом
Код типу видання за змістом (НП) інше
Фонди
Стан вилучень Стан втрат Джерело класифікації або схеми стелажів Стан уражень Не для кредиту Постійне місце розташування Поточне розміщення Дата придбання Вартість, звичайна ціна покупки Інвентарний номер Усього замовленно Повний номер виклику Штрих-код Дата останнього перегляду Ціна ефективна від Тип елемента Koha Дата останньої перевірки Перевірено
    Universal Decimal Classification     ЧЗ - Читальна зала ЧЗ - Читальна зала 18/06/2004 24.00 79699   368(075.8) Г67 79699 16/11/2021 18/06/2004 Книги    
Withdrawn   Universal Decimal Classification   Not For Loan ЧЗ - Читальна зала ЧЗ - Читальна зала 16/02/2005 34.80 83139 2 368(075.8) Г67 83139 08/10/2024 18/06/2004 Книги 28/07/2022  
    Universal Decimal Classification     ЧЗ - Читальна зала ЧЗ - Читальна зала 16/02/2005 34.80 83140   368(075.8) Г67 83140 16/11/2021 18/06/2004 Книги    
    Universal Decimal Classification     ЧЗ - Читальна зала ЧЗ - Читальна зала 16/02/2005 34.80 83141   368(075.8) Г67 83141 16/11/2021 18/06/2004 Книги    
    Universal Decimal Classification     ЧЗ - Читальна зала ЧЗ - Читальна зала 16/02/2005 34.80 83142 2 368(075.8) Г67 83142 23/07/2019 18/06/2004 Книги 23/07/2019 21/10/2019
    Universal Decimal Classification     ЧЗ - Читальна зала ЧЗ - Читальна зала 16/02/2005 16.00 83143   368(075.8) Г67 83143 16/11/2021 18/06/2004 Книги